LEADER 01086cam2 22002771 450 001 SOBE00019042 005 20111103172225.0 100 $a20111025d1971 |||||ita|0103 ba 101 $aspa 102 $aES 200 0 $a2 210 $aMadrid$cAtlas$d1971 215 $a312 p.$c1 ill.$d26 cm 225 2 $aBiblioteca de autores españoles$h(continuacion)$v245 410 1$1001SOBE00018834$12001 $a*Biblioteca de autores españoles. (continuacion)$v245 461 1$1001SOBE00019037$12001 $aCronica de la nueva España / Francisco Cervantes de Salazar ; edicion de Manuel Magallon ; estudio preliminar e indices por Augustin Millares Carlo 700 1$aCervantes de Salazar$b, Francisco$3SOBA00001348$4070$0196915 801 0$aIT$bUNISOB$c20111103$gRICA 850 $aUNISOB 852 $aUNISOB$j860|Coll|1|K$m20332 912 $aSOBE00019042 940 $aM 102 Monografia moderna SBN 941 $aW 957 $a860|Coll|1|K$b000023$i-2$gSI$d20332$racquisto$tI$1vittorini$2UNISOB$3UNISOB$420111025142239.0$520120509123139.0$6vittorini 996 $a2$91721105 997 $aUNISOB LEADER 01925nam2 22003853i 450 001 SBL0053718 005 20251003044348.0 020 $aIT$b787133 100 $a19910930d1977 ||||0itac50 ba 101 | $aita 102 $ait 181 1$6z01$ai $bxxxe 182 1$6z01$an 183 1$6z01$anc$2RDAcarrier 200 1 $aˆ2: ‰Problemi di utilizzazione delle fonti di demografia storica$eatti del Seminario di demografia storica, 1972-73$fComitato italiano per lo studio della demografia storica 210 $aRoma$cCISP$dstampa 1977 215 $aXV, 376 p.$cill.$d24 cm 314 $aSC/MIL 25/09/01 SC/MIL 25/09/01$9SBLV037582 461 1$1001SBL0053717$12001 $aAtti del Seminario di demografia storica$fComitato italiano per lo studio della demografia storica$v2 606 $aDemografia$xStoria$xCongressi$x1971-1974$2FIR$3SBLC022922$9I 676 $a304.6021$9POPOLAZIONE. STATISTICHE$v20 676 $a312$9Statistica Demografica$v21 696 $aConvegni$aCongressi e convegni$aStatistica demografica$aAspetti demografici 699 $aCongressi$yConvegni 699 $aCongressi$yCongressi e convegni 699 $aDemografia$yStatistica demografica 699 $aDemografia$zAspetti demografici 710 02$aComitato italiano per lo studio della demografia storica$3SBLV037582$4070$0378602 801 3$aIT$bIT-000000$c19910930 850 $aIT-BN0095 $aIT-NA0079 912 $aSBL0053718 950 2$aBiblioteca Centralizzata di Ateneo$cv. 2-3 in due copie$d 01BCA SC. SOCIAL 284$e 01 0000006965 VMA A4(0002 v. 2$fB $h20210805$i20210805$cv. 2-3 in due copie$d 01BCA SC. SOCIAL 284$e 01 0000006975 VMA A4(0002 bis v. 2 (2. copia)$fY $h20210805$i20210805 977 $a 01$a BN 996 $aProblemi di utilizzazione delle fonti di demografia storica$91836389 997 $aUNISANNIO